000 00429nam a22001697a 4500
003 OSt
005 20171031104501.0
008 171031b xxu||||| |||| 00| 0 fre d
040 _aLB-BrCRDP
082 _a155.646 I75e
100 _aAndré Isambert
245 _aL'éducation des Parents
250 _aDeuxième édition
260 _aParis
_bPresses Universitaires de France
_c1968
300 _a242p
_c18cm
942 _2ddc
_cBK
999 _c17848
_d17848